000 01277cad a22002055a 4500
001 L154395
008 111123s2011 xxk f 000 0 eng d
035 _a(Sirsi) u154395
041 0 _aeng
100 1 _aBall, Michael
245 0 0 _aInvesting in private renting
_blandlord returns, taxation and the future of the private rented sector
_h[electronic resource]
260 _aManchester
_bResidential Landlords Association
_c2011
505 2 _aIs all as well with the private sector as it seems? -- Who rents and how is it changing? -- Supply after the boom -- Rental property portfolios and landlord finances -- Investment returns in residential property -- Policy reforms to improve the supply of rented accommodation
520 _aResearch based on results of a survey of 200 UK residential landlords revenues and costs to provide a detailed analysis of landlord returns. Viable landlord returns in the UK occur only when house prices or rents are rising fast, because of the high cost and tax burdens that landlords face.
590 _aKA
651 4 _aUnited Kingdom
_y
690 _aPROPERTY-RESIDENTIAL PROPERTY-RESIDENTIAL PROPERTY MARKET
856 4 0 _uhttps://www.rla.org.uk
_zView the report free of charge after free registration at www.rla.org.uk
942 _n0
999 _c112970
_d112970